[Event "SVK-chT2B 10/11"]
[Site "Slovakia"]
[Date "2010.12.04"]
[Round "3.5"]
[White "Cvirik, Vladimir"]
[Black "Nikel, Rastislav"]
[Result "1-0"]
[WhiteElo "1922"]
[BlackElo "1980"]
[PlyCount "119"]
[EventDate "2010.10.23"]
[EventType "team-tourn"]
[EventRounds "11"]
[EventCountry "SVK"]
[SourceTitle "EXT 2019"]
[Source "ChessBase"]
[SourceDate "2018.10.10"]
[SourceVersion "1"]
[SourceVersionDate "2018.10.10"]
[SourceQuality "1"]
[WhiteTeam "Surany Lokomotiva"]
[BlackTeam "Levice"]
[WhiteTeamCountry "SVK"]
[BlackTeamCountry "SLO"]

1. d4 f5 2. c4 g6 3. Nc3 Bg7 4. Nf3 d6 5. g3 Nf6 6. Bg2 0-0 7. 0-0 c6 8. Re1 h6 9. e4 fxe4 10. Nxe4 Bg4 11. Qb3 Qb6 12. Nh4 Qxb3 13. axb3 g5 14. Ng6 Rf7 15. Bxg5 hxg5 16. Nxg5 e6 17. Nxf7 Kxf7 18. Nh4 Nbd7 19. h3 Bf5 20. g4 Bc2 21. Rac1 Bh7 22. Nf3 e5 23. dxe5 Nxe5 24. Nxe5+ dxe5 25. b4 Bh6 26. Rcd1 e4 27. Rd4 Re8 28. b5 cxb5 29. cxb5 Bg5 30. Rc4 Re7 31. Bf1 Bd2 32. Ra1 e3 33. fxe3 Bxe3+ 34. Kh1 Ne4 35. Kg2 Nd6 36. Rb4 Be4+ 37. Kg3 Ke6 38. Re1 Bg5 39. Rbxe4+ Nxe4+ 40. Rxe4+ Kd6 41. Rxe7 Kxe7 42. h4 Bc1 43. b3 Kf6 44. g5+ Bxg5 45. hxg5+ Kxg5 46. Bg2 b6 47. Bb7 Kf5 48. Kf3 Ke5 49. Ke3 Ke6 50. Kd4 Kd6 51. Bf3 Ke6 52. Bd5+ Kd6 53. Bc4 Ke7 54. Ke5 Kd7 55. Be6+ Kc7 56. Bf5 Kb8 57. Kd6 Kb7 58. Kd7 a5 59. Be4+ Kb8 60. Kc6 1-0

[Event "SVK-chT2B 0910"]
[Site "Slovakia"]
[Date "2010.01.09"]
[Round "6"]
[White "Grof, Stefan"]
[Black "Cvirik, Vladimir"]
[Result "1-0"]
[WhiteElo "2057"]
[BlackElo "1921"]
[PlyCount "81"]
[EventDate "2009.10.10"]
[EventType "team"]
[EventRounds "11"]
[EventCountry "SVK"]
[SourceTitle "EXT 2011"]
[Source "ChessBase"]
[SourceDate "2010.11.26"]
[SourceVersion "1"]
[SourceVersionDate "2010.11.26"]
[SourceQuality "1"]
[WhiteTeam "Komarno"]
[BlackTeam "Surany"]
[WhiteTeamCountry "SVK"]
[BlackTeamCountry "SVK"]

1. Nf3 c6 2. d4 d5 3. Bf4 e6 4. Nbd2 Ne7 5. e3 Ng6 6. Bg3 Bd6 7. Bxd6 Qxd6 8. Bd3 f5 9. h4 h5 10. c4 e5 11. dxe5 Nxe5 12. Nxe5 Qxe5 13. Qc2 g6 14. Nf3 Qd6 15. 0-0-0 Be6 16. Qc3 Rg8 17. Ng5 Nd7 18. Kb1 0-0-0 19. cxd5 Qxd5 20. Qa3 a6 21. Be2 Qe5 22. f4 Qf6 23. Rd6 Rge8 24. Rhd1 Nf8 25. Bxa6 Rxd6 26. Rxd6 Kc7 27. Bc4 Qe7 28. Nxe6+ Nxe6 29. Rxe6 Qxa3 30. bxa3 Rd8 31. Kc2 b5 32. Be2 c5 33. Bxb5 Rd6 34. Rxd6 Kxd6 35. Be8 Kd5 36. Kd2 c4 37. Bxg6 Ke4 38. Bxh5 c3+ 39. Kxc3 Kxe3 40. a4 Kxf4 41. Bf3 1-0